000 00302nam a22001337a 4500
008 170127b xxu||||| |||| 00| 0 eng d
020 _a9780387323244
041 _aeng
080 _a61
100 _a3
101 _aSHM
245 _aFUNDAMENTALS OF GERIATRIC MEDICINE
_cSORIANO, R.P
942 _2udc
_cBK
999 _c3900
_d3900